a tale of two cities (Record no. 8526)

MARC details
000 -LEADER
fixed length control field 01031nam a22002057a 4500
003 - CONTROL NUMBER IDENTIFIER
control field OSt
005 - DATE AND TIME OF LATEST TRANSACTION
control field 20260224071220.0
008 - FIXED-LENGTH DATA ELEMENTS--GENERAL INFORMATION
fixed length control field 260224b |||||||| |||| 00| 0 eng d
020 ## - INTERNATIONAL STANDARD BOOK NUMBER
International Standard Book Number 9788179044360
040 ## - CATALOGING SOURCE
Original cataloging agency DWCL GS library
Transcribing agency OC
082 ## - DEWEY DECIMAL CLASSIFICATION NUMBER
Classification number Fic. D548t 2008
100 ## - MAIN ENTRY--PERSONAL NAME
Personal name Dickens, Charles
245 ## - TITLE STATEMENT
Title a tale of two cities
Statement of responsibility, etc. Charles Dickens
260 ## - PUBLICATION, DISTRIBUTION, ETC.
Name of publisher, distributor, etc. Fic. D548t 2008
300 ## - PHYSICAL DESCRIPTION
Extent 138
Other physical details illustrations
Dimensions 17cm
520 ## - SUMMARY, ETC.
Summary, etc. A Tale of Two Cities by Charles Dickens is a historical novel set in London and Paris during the French Revolution, focusing on love, sacrifice, and redemption amidst political turmoil, following characters like the resurrected Dr. Manette, his daughter Lucie, the aristocrat Charles Darnay, and the cynical lawyer Sydney Carton as they navigate betrayal, injustice, and the terrifying Reign of Terror, culminating in a famous act of heroic self-sacrifice.
546 ## - LANGUAGE NOTE
Language note English
700 ## - ADDED ENTRY--PERSONAL NAME
Personal name Charles Dickens
942 ## - ADDED ENTRY ELEMENTS (KOHA)
Source of classification or shelving scheme Dewey Decimal Classification
Koha item type Fiction
Classification part Fic. D548t 2008
Suppress in OPAC No
952 ## - LOCATION AND ITEM INFORMATION (KOHA)
--
Holdings
Withdrawn status Lost status Source of classification or shelving scheme Damaged status Not for loan Home library Current library Shelving location Date acquired Source of acquisition Total Checkouts Full call number Barcode Date last seen Price effective from Koha item type Uniform Resource Identifier
    Dewey Decimal Classification     Grade School Library Grade School Library Fiction 02/24/2026 School Fund, Donation   Fic. D548t 2008 20349 02/24/2026 02/24/2026 FIC.